Sports Quiz

Random Sports or NCAA Quiz

Fan Favorite NCAA Men's Basketball Teams Quiz Stats

Quiz not verified by Sporcle

Challenge
Share
Tweet
Embed
Score 0/10 Timer 02:00
0 Plays Today
Ranking College/University % Correct
#1Duke
97.5%
#2University of North Carolina
87.4%
#4Kentucky
87.4%
#9Texas
71.2%
#5Syracuse
65.1%
#3Ohio State
60.3%
#8Pittsburgh
40.5%
#7Illinois
38.8%
#6Wisconsin
29.3%
#10Iowa
14%

You're not logged in!

Compare scores with friends on all Sporcle quizzes.
Join for Free
OR
Log In

You Might Also Like...

Show Comments

Extras

Created Jul 15, 2011ReportNominate
Tags:Basketball Quiz, NCAA Quiz

Top Quizzes Today


Score Distribution

Your Account Isn't Verified!

In order to create a playlist on Sporcle, you need to verify the email address you used during registration. Go to your Sporcle Settings to finish the process.

Report this User

Report this user for behavior that violates our Community Guidelines.

Details: